Informe final de investigación del programa reconstrucción del límite superior del Bosque en Ecuador (RUFLE) / (Registro nro. 18005)

Detalles MARC
000 -CABECERA
Campo de control 01010nam a22002537a 4500
005 - FECHA Y HORA DE LA ULTIMA TRANSACCION
Campo de control 20160118043318.0
008 - ELEMENTOS DE LONGITUD FIJA—INFORMACION GENERAL
Campo de control 160118b2009 ne ad |r|||| 00| 0 spa d
040 ## - FUENTE DE CATALOGACIÓN
Agencia catalogadora original CO-BoIAVH
Agencia transcriptora CO-BoIAVH
041 0# - IDIOMA
Código de idioma para texto/pista de sonido o título separado Español
090 ## - CLASIFICACIÓN LOCAL
Colección LB-
Consecutivo 05730
100 1# - ASIENTO PRINCIPAL--NOMBRE PERSONAL
Nombre personal Jansen, Boris
9 (RLIN) 52127
245 10 - MENCION DE TITULO
Título Informe final de investigación del programa reconstrucción del límite superior del Bosque en Ecuador (RUFLE) /
Mención de responsabilidad Boris Jansen [y otros 6]
260 ## - PUBLICACION, DISTRIBUCION, ETC. (PIE DE IMPRENTA)
Lugar de publicación, distribución, etc. Amsterdam, (Países bajos) :
Nombre del editor, distribuidor, etc. Instituto para la Biodiversidad y Dinámica de Ecosistemas,
Fecha de publicación, distribución, etc. 2009.
300 ## - DESCRIPCION FISICA
Extensión 164 páginas aproximadamente sin numerar :
Otros detalles físicos tablas, gráficas ;
Dimensiones 30 x 21 cm.
650 #6 - ASIENTO SECUNDARIO DE MATERIA - TERMINO TEMATICO
Término temático o nombre geográfico como elemento de entrada Bosque
Subdivisión geográfica Ecuador
9 (RLIN) 52128
650 #4 - ASIENTO SECUNDARIO DE MATERIA - TERMINO TEMATICO
Término temático o nombre geográfico como elemento de entrada Bosque
Subdivisión general delimitación
Subdivisión geográfica Ecuador
9 (RLIN) 52129
650 #4 - ASIENTO SECUNDARIO DE MATERIA - TERMINO TEMATICO
Término temático o nombre geográfico como elemento de entrada Bosque
Subdivisión de forma Investigación
Subdivisión geográfica Ecuador
9 (RLIN) 52130
700 1# - ASIENTO SECUNDARIO - NOMBRE PERSONAL
Nombre personal Moscol Olivera, Marcela
9 (RLIN) 52131
700 1# - ASIENTO SECUNDARIO - NOMBRE PERSONAL
Nombre personal Tonneijck, Femke
9 (RLIN) 52132
700 1# - ASIENTO SECUNDARIO - NOMBRE PERSONAL
Nombre personal Cleef, Antoine
9 (RLIN) 52133
700 1# - ASIENTO SECUNDARIO - NOMBRE PERSONAL
Nombre personal Hooghiemstra, Henry.
9 (RLIN) 26327
700 1# - ASIENTO SECUNDARIO - NOMBRE PERSONAL
Nombre personal Verstraten, Jacobus
9 (RLIN) 52134
942 ## - ELEMENTOS ADICIONALES (KOHA)
Sistema de clasificación Local
Tipo de ítem Informe Técnico
Existencias
Withdrawn status Lost status Sistema de Clasificación Damaged status No para préstamo Colección Inventariado Ubicación Permanente Ubicación actual Fecha de adquisición Total Checkouts Número topográfico Inventario / Código de Barras Date last seen Ejemplar Price effective from Forma de adquisición Tipo de material
    Local     General Inventariado 2017 Bogotá Bogotá 18/01/2016   LB-05730 034334 18/01/2016 Ej. 1 18/01/2016   Informe Técnico
    Local     Audiovisual   Bogotá Bogotá 18/01/2016   MM-00275 034333 18/01/2016 Ej. 1 18/01/2016   CD-ROM